| 000 | 00733nam a2200289Ia 4500 | ||
|---|---|---|---|
| 008 | 160803s9999 xx 000 0 und d | ||
| 020 | _a9780545040587 | ||
| 100 | _aCabot, Meg | ||
| 245 | _aBeing Nikki / | ||
| 245 | _cMeg Cabot. | ||
| 260 | _aNew York : | ||
| 260 | _bScholastic Inc. | ||
| 260 | _c2009 | ||
| 300 | _a336 pages ; | ||
| 300 | _c21 cm. | ||
| 650 | _aCorporations -- | ||
| 650 | _aIdentity -- | ||
| 650 | _aModels (Persons) -- | ||
| 650 | _aNew York (N.Y.) -- | ||
| 650 | _aTransplantation of organs, tissues, etc. -- | ||
| 650 | _xFiction. | ||
| 650 | _xJuvenile fiction. | ||
| 650 | _xJuvenile fiction. | ||
| 650 | _xJuvenile fiction. | ||
| 650 | _xJuvenile fiction. | ||
| 700 | _a800 | ||
| 999 |
_c299800 _d299800 |
||